| 000 | 00697nam a2200229 a 4500 | ||
|---|---|---|---|
| 001 | Rebiun26136499 | ||
| 003 | AR-RoIUNI | ||
| 005 | 20230518121244.0 | ||
| 008 | 960216s1992 e 000 spa | ||
| 020 | _a8474817196 | ||
| 040 | _cIUNIR | ||
| 080 | _a616.15 ENC | ||
| 245 | 0 | 0 |
_aEnciclopedia iberoamericana de hematología / _cAntonio López Borrasca ; Carmen L. Arocha Piñango... [et al.] |
| 250 | _a[1a ed.] | ||
| 260 |
_aSalamanca : _bUniversidad de Salamanca, _c1992 |
||
| 300 | _aV. 1 (XLII, 588 p.) : il. ; 29 cm | ||
| 500 | _aContiene: V. 1 | ||
| 650 | 0 | 7 |
_aHematología _9146 |
| 700 | 1 | _aLópez Borrasca, Antonio | |
| 700 | 1 | _aArocha Piñango, Carmen L. | |
| 942 |
_2cdu _cBK |
||
| 999 |
_c5582 _d5582 |
||